Zákon Národnej rady Slovenskej republiky č. 289/1995 Z.z. zo 17. novembra 1995 o dani z pridanej hodnoty ...

Úplné znenie zákona NS SR č. 289/1995 Z.z. zo 17. novembra 1995 o dani z pridanej hodnoty v znení neskorších zákonov a zákona č. 60/119 Z.z. Zoznam tovarov a služieb podliehajúcich sadzbe dane z pridanej hodnoty 6 perc.

Salvato in:
Dettagli Bibliografici
Natura: Capitolo di libro
Lingua:slovacco
Soggetti:
Tags: Aggiungi Tag
Nessun Tag, puoi essere il primo ad aggiungerne!!

MARC

LEADER 00000naa a2200000 4500
001 r035307
005 20230926081323.8
041 0 |a slo 
044 |a SK 
245 1 0 |a Zákon Národnej rady Slovenskej republiky č. 289/1995 Z.z. zo 17. novembra 1995 o dani z pridanej hodnoty ... 
520 |a Úplné znenie zákona NS SR č. 289/1995 Z.z. zo 17. novembra 1995 o dani z pridanej hodnoty v znení neskorších zákonov a zákona č. 60/119 Z.z. Zoznam tovarov a služieb podliehajúcich sadzbe dane z pridanej hodnoty 6 perc. 
610 2 0 |a dane z hodnoty pridanej 
610 2 0 |a zákony 
610 2 0 |a sadzby daňové 
610 2 0 |a Slovensko 
610 2 0 |a 1995-1999